000 00271nam a22001217a 4500
008 181022b xxu||||| |||| 00| 0 eng d
041 _aeng
080 _a331.101
100 _a52
101 _aBNJ
245 _aOrganizational Behavioral
_cErdogan.B
942 _2udc
_cBK
999 _c50494
_d50494